tomato technique at anhchanhrong commune boribo district kampong chhnang province បច្ចេកទេសដាំណាំប៉េងប៉ោះនៅអញ្ចញរូងស្រុកបរិបូណ៍ ខេត្តកំពង់ឆ្នាំ (Record no. 18081)

000 -LEADER
fixed length control field 00644nam a22001337a 4500
040 ## - CATALOGING SOURCE
Transcribing agency RUA
082 ## - DEWEY DECIMAL CLASSIFICATION NUMBER
Classification number GRS SEN 2017 B641 Or.1
100 ## - MAIN ENTRY--AUTHOR NAME
Personal name SENG PUTREA សេង ពុទ្រា
245 ## - TITLE STATEMENT
Title tomato technique at anhchanhrong commune boribo district kampong chhnang province បច្ចេកទេសដាំណាំប៉េងប៉ោះនៅអញ្ចញរូងស្រុកបរិបូណ៍ ខេត្តកំពង់ឆ្នាំ
260 ## - PUBLICATION, DISTRIBUTION, ETC. (IMPRINT)
Place of publication RUA
Name of publisher phnom penh
Year of publication 2017
300 ## - PHYSICAL DESCRIPTION
Number of Pages ix;37p
Other physical details ill;
Dimensions 29cm
856 ## - ELECTRONIC LOCATION AND ACCESS
Uniform Resource Identifier https://drive.google.com/file/d/1TxxPzMiJp80jyQB6n1-xn5Ys0uVavL5W/view?usp=sharing
942 ## - ADDED ENTRY ELEMENTS (KOHA)
Koha item type GRS
952 ## - LOCATION AND ITEM INFORMATION (KOHA)
Withdrawn status [LOCAL, KOHA] 0
952 ## - LOCATION AND ITEM INFORMATION (KOHA)
Withdrawn status [LOCAL, KOHA] 0
952 ## - LOCATION AND ITEM INFORMATION (KOHA)
Withdrawn status [LOCAL, KOHA] 0
952 ## - LOCATION AND ITEM INFORMATION (KOHA)
Withdrawn status [LOCAL, KOHA] 0
952 ## - LOCATION AND ITEM INFORMATION (KOHA)
Withdrawn status [LOCAL, KOHA] 0
952 ## - LOCATION AND ITEM INFORMATION (KOHA)
Withdrawn status [LOCAL, KOHA] 0
952 ## - LOCATION AND ITEM INFORMATION (KOHA)
Withdrawn status [LOCAL, KOHA] 0
Holdings
Permanent Location Date acquired Koha item type Lost status Shelving location Barcode Current Location Full call number
Library Block B2019-07-26GRS B541A30244Library Block BGRS SEN 2017 B641 Or.1
Library Block B2019-07-26GRS B541A30669Library Block BGRS SEN 2017 B641 Or.2
Library Block B2019-07-26GRS B541A30169Library Block BGRS SEN 2017 B641 Or.3
Library Block B2019-07-26GRS B541A30094Library Block BGRS SEN 2017 B641 Or.4
Library Block B2019-07-26GRS B541A30719Library Block BGRS SEN 2017 B641 Or.5
Library Block B2019-07-26GRS B541A29919Library Block BGRS SEN 2017 B641 Or.6
Library Block B2019-07-26GRS B541A32551Library Block BGRS SEN 2017 B641 Or.7
មជ្ឈមណ្ឌលឯការនៃសាកលវិទ្យាល័យភូមិន្ទកសិកម្មចំការដូង

Powered by Koha